| 000 | 00750nam a2200217Ii 4500 | ||
|---|---|---|---|
| 003 | JO-AjNU | ||
| 008 | 230605s9999||||xx |||||||||||||| ||und|| | ||
| 017 | _a2002/3/645 | ||
| 040 |
_aJO-AjNU _bara _erda _cJO-AjNU |
||
| 041 | _aara | ||
| 050 | 1 | 4 | _aKMM182.9.K42.2002 |
| 100 | 3 |
_aخلف ، داود شحادة , _eauthor _98722 |
|
| 245 | 0 | 0 | _aمدارك التحكيم وفقا لقانون التحكيم الأردني رقم (31) لسنة (2001) |
| 250 | _a(د،ط) | ||
| 264 | 3 | 1 | _aعمان :خلف داود شحادة ، 2002 |
| 300 | _a126ص | ||
| 336 |
_atext _btxt _2rdacontent |
||
| 337 |
_aunmediated _bn _2rdamedia |
||
| 338 |
_avolume _bnc _2rdacarrier |
||
| 650 | 4 |
_aالتحكيم -- القانون المدني -- الأردن _98723 |
|
| 999 |
_aA934 _c4502 _d4502 |
||